Catàleg del Col·legi de Periodistes de Catalunya

Rumores (Registre núm. 3379)

000 -CABECERA
Longitud fija campo de control 00594nam a2200205 a 4500
001 - NÚMERO DE CONTROL
Número de control 3379
003 - IDENTIFICADOR DEL NÚMERO DE CONTROL
Identificador del número de control CDMR
005 - FECHA Y HORA DE LA ÚLTIMA TRANSACCIÓN
Fecha y hora de la última transacción 20151030104202.0
008 - CÓDIGOS DE INFORMACIÓN DE LONGITUD FIJA
Códigos de información de longitud fija 130130s1989||||||||||||||||||||||||||||d
020 ## - NÚMERO INTERNACIONAL NORMALIZADO PARA LIBROS
Número Internacional Normalizado para Libros (ISBN) 8401230063
040 ## - FUENTE DE LA CATALOGACIÓN
Centro catalogador de origen CDMR
Lengua de catalogación cat
Centro transcriptor CDMR
100 1# - PUNTO DE ACCESO PRINCIPAL-NOMBRE DE PERSONA
Nombre de persona Kapferer, Jean-Noël
9 (RLIN) 2437
245 10 - MENCIÓN DE TÍTULO
Título Rumores
Resto del título : el medio de difusión más antiguo del mundo
Mención de responsabilidad, etc. Jean-Nöel Kapferer
260 ## - PUBLICACIÓN, DISTRIBUCIÓN, ETC. (PIE DE IMPRENTA)
Lugar de publicación, distribución, etc. Barcelona
Fecha de publicación, distribución, etc. 1989
Nombre del editor, distribuidor, etc. Plaza & Janés
490 0# - MENCIÓN DE SERIE
Mención de serie Hombre y Sociedad
650 04 - PUNTO DE ACCESO ADICIONAL DE MATERIA - TÉRMINO DE MATERIA
9 (RLIN) 3901
Término de materia o nombre geográfico como elemento inicial Rumor
650 04 - PUNTO DE ACCESO ADICIONAL DE MATERIA - TÉRMINO DE MATERIA
9 (RLIN) 3564
Término de materia o nombre geográfico como elemento inicial Periodisme
Subdivisión de materia general Fonts d'informació
650 04 - PUNTO DE ACCESO ADICIONAL DE MATERIA - TÉRMINO DE MATERIA
9 (RLIN) 388
Término de materia o nombre geográfico como elemento inicial Comunicació humana
942 ## - ENTRADA DE ELEMENTOS AGREGADOS (KOHA)
Koha [por defecto] tipo de item Monografies
Fuente de clasificaión o esquema
Fons
Suprimido Perdido Estropeado No para préstamo Localización permanente Localización actual Fecha adquisición Signatura completa Código de barras Fecha última consulta Fecha del precio de reemplazo Tipo de item de Koha
        Centre de Documentació Montserrat Roig Centre de Documentació Montserrat Roig 2013-01-16 Ck 3/20 CDMR1311612572 2013-01-16 2013-01-16 Monografies

Implantat amb Koha